日本の都道府県(人口順) - Statistics

General Stats
  • This quiz has been taken 1,422 times
  • The average score is 27 of 47
Answer Stats
順位 都道府県名 人口 % Correct
1 東京都 14,192,184
100%
2 神奈川県 9,223,695
99%
3 大阪府 8,770,315
99%
4 愛知県 7,465,250
97%
5 埼玉県 7,329,258
94%
6 千葉県 6,275,423
93%
7 兵庫県 5,336,665
91%
8 福岡県 5,097,710
91%
9 北海道 5,041,491
90%
10 静岡県 3,524,160
86%
12 広島県 2,716,733
79%
11 茨城県 2,810,049
78%
13 京都府 2,521,262
76%
14 宮城県 2,247,139
75%
15 新潟県 2,098,804
70%
16 長野県 1,988,462
63%
18 群馬県 1,889,425
62%
17 岐阜県 1,913,076
61%
47 鳥取県 531,085
61%
19 栃木県 1,882,342
60%
46 島根県 641,396
59%
20 岡山県 1,830,621
58%
21 福島県 1,742,317
52%
23 熊本県 1,696,144
51%
45 高知県 655,698
50%
22 三重県 1,711,370
49%
24 鹿児島県 1,530,203
47%
44 徳島県 685,357
47%
25 沖縄県 1,467,065
44%
26 滋賀県 1,400,812
41%
42 佐賀県 787,675
41%
43 福井県 738,691
40%
27 奈良県 1,285,094
38%
39 秋田県 896,324
38%
41 山梨県 790,215
37%
28 山口県 1,279,601
36%
29 愛媛県 1,275,349
36%
31 青森県 1,164,710
34%
36 山形県 1,010,776
34%
38 香川県 917,058
34%
40 和歌山県 879,617
34%
30 長崎県 1,250,705
33%
32 岩手県 1,144,407
33%
33 石川県 1,098,531
32%
35 宮崎県 1,031,344
32%
37 富山県 995,955
32%
34 大分県 1,085,198
31%
No matching quizzes found
Score Distribution
Percent of People with Each Score
Percentile by Number Answered
Your Score History
You have not taken this quiz